000
00318nam a2200109Ia 4500
008
200302s9999 xx 000 0 und d
100
_a
A. K.Sharma and Others ed.
245
_a
Puramanthana Current Advances in Indian Archaeology Number 5
260
_b
Bharatiya Kala Prakahan Delhi
260
_c
2009
300
_a
152 P.,
999
_c
3888
_d
3888